Science Quiz

Random Science Quiz

Full Moon Names Quiz Stats

 Plays Quiz not verified by Sporcle

Also try: 5 by 5 Mammals
Challenge
Share
Tweet
Embed
Score 0/35 Timer 05:00
0 Plays Today
Month Moon % Correct
Closest to Autumnal EquinoxFull Harvest Moon
82.6%
JanuaryFull Wolf Moon
65.2%
JuneFull Strawberry Moon
56.5%
SeptemberFull Corn Moon
52.2%
DecemberFull Cold Moon
52.2%
FebruaryFull Snow Moon
47.8%
MayFull Flower Moon
47.8%
OctoberFull Hunters' Moon
47.8%
MarchFull Worm Moon
43.5%
AprilFull Pink Moon
43.5%
NovemberFull Beaver Moon
43.5%
AprilFull Fish Moon
43.5%
AprilFull Sprouting Grass Moon
39.1%
AugustFull Sturgeon Moon
39.1%
JulyFull Buck Moon
34.8%
NovemberFull Frosty Moon
34.8%
MarchFull Crow Moon
30.4%
MayFull Corn Planting Moon
30.4%
Month Moon % Correct
JuneFull Rose Moon
30.4%
JulyFull Hay Moon
30.4%
AugustFull Red Moon
30.4%
JanuaryFull Old Moon
26.1%
JanuaryMoon after Yule
26.1%
AprilFull Egg Moon
26.1%
MayFull Milk Moon
26.1%
AugustFull Green Corn Moon
26.1%
DecemberFull Long Nights Moon
26.1%
DecemberMoon before Yule
26.1%
SeptemberFull Fruit Moon
26.1%
FebruaryFull Hunger Moon
21.7%
MarchFull Crust Moon
21.7%
JulyFull Thunder Moon
21.7%
MarchFull Sap Moon
21.7%
MarchFull Paschal Moon
21.7%
AugustFull Grain Moon
21.7%

You're not logged in!

Compare scores with friends on all Sporcle quizzes.
OR
Log In

You Might Also Like...

Show Comments

Extras

Created Jul 26, 2010SourceReportNominate
Tags:explanation, full, month, Moon

Top Quizzes Today


Score Distribution

Your Account Isn't Verified!

In order to create a playlist on Sporcle, you need to verify the email address you used during registration. Go to your Sporcle Settings to finish the process.

Report this User

Report this user for behavior that violates our Community Guidelines.

Details: